Schopenhauer's encounter with Indian thought : (Record no. 92072)
[ view plain ]
| 000 -LEADER | |
|---|---|
| fixed length control field | 01853nam a22002657a 4500 |
| 005 - DATE AND TIME OF LATEST TRANSACTION | |
| control field | 20150421125119.0 |
| 010 ## - LCCN (DPL NO) | |
| LC control number | ENG-112318 |
| 020 ## - INTERNATIONAL STANDARD BOOK NUMBER | |
| International Standard Book Number | 9788121512794 |
| Terms of availability | 1195.00 |
| 035 ## - SYSTEM CONTROL NUMBER | |
| System control number | EN-95850 |
| 037 ## - SOURCE OF ACQUISITION | |
| Source of stock number/acquisition | DBAD/PUB |
| 082 ## - DEWEY DECIMAL CLASSIFICATION NUMBER | |
| Classification number | 193 |
| 100 ## - MAIN ENTRY--PERSONAL NAME | |
| Personal name | Cross, Stephen |
| 245 ## - TITLE STATEMENT | |
| Title | Schopenhauer's encounter with Indian thought : |
| Statement of responsibility, etc | by Stephen Cross |
| Remainder of title | representation and will and their Indian parallels / |
| 260 ## - PUBLICATION, DISTRIBUTION, ETC. (IMPRINT) | |
| Place of publication, distribution, etc | New Delhi |
| Name of publisher, distributor, etc | Munshiram Manoharlal Publishers |
| Date of publication, distribution, etc | 2014 |
| 270 ## - ADDRESS | |
| Address | PO Box 5715,54 Rani Jhansi Road, |
| City | New Delhi |
| Postal code | 110055 |
| 300 ## - PHYSICAL DESCRIPTION | |
| Extent | xiv, 287p. |
| Dimensions | 25cm(Hb) |
| 500 ## - GENERAL NOTE | |
| General note | Includes bibliographical references (pages 265-274) and index. |
| 505 ## - FORMATTED CONTENTS NOTE | |
| Formatted contents note | Schopenhauer in context : the "oriental renaissance" -- Schopenhauer’s Indian sources : Hinduism -- Schopenhauer’s Indian sources : Buddhism -- "Representation" : Schopenhauer and the reality-status of the world -- The reality-status of the empirical world : the Mādhyamika teaching -- Advaita Vedānta : the world as illusory appearance -- Conclusions : Schopenhauer’s Representation and its Indian affinities -- Schopenhauer’s conception of the world as will -- Schopenhauer : the will in its general forms (ideas) -- Metaphysical factors behind the empirical world : Advaita Vedānta -- The arising of the empirical world in Buddhism : the Yogācāra teaching -- Conclusions : Schopenhauer’s will and comparable Indian ideas -- The ontological status of will -- Beyond the will : "better consciousness" and the "pure subject of knowing" -- The hidden compass : Schopenhauer and the limits of philosophy --Schopenhauer and Indian thought. |
| 600 ## - SUBJECT ADDED ENTRY--PERSONAL NAME | |
| Personal name | Schopenhauer, Arthur, |
| Dates associated with a name | 1788-1860. |
| 650 ## - SUBJECT ADDED ENTRY--TOPICAL TERM | |
| Topical term or geographic name as entry element | Hindu philosophy. |
| 650 ## - SUBJECT ADDED ENTRY--TOPICAL TERM | |
| Topical term or geographic name as entry element | Buddhist philosophy. |
| 650 ## - SUBJECT ADDED ENTRY--TOPICAL TERM | |
| Topical term or geographic name as entry element | Will. |
| 650 ## - SUBJECT ADDED ENTRY--TOPICAL TERM | |
| Topical term or geographic name as entry element | Representation (Philosophy) |
| 942 ## - ADDED ENTRY ELEMENTS (KOHA) | |
| Source of classification or shelving scheme | Dewey Decimal Classification |
| Item type | English Books |
| Call number suffix | CRO |
| Classification part | 193 |
| Withdrawn status | Lost status | Not for loan | Collection code | Home library | Current library | Date acquired | Source of acquisition | Cost, normal purchase price | Full call number | Barcode | Copy number | Cost, replacement price | Koha item type |
|---|---|---|---|---|---|---|---|---|---|---|---|---|---|
| Not For Loan | Non-fiction | D.B.Act.Division | D.B.Act.Division | 04/03/2015 | DBAD/PUB | 1195.00 | 193 CRO | EN-95850 | 1 | 1195.00 | English Books |
